003850000a22001450004500020001600000060000800016082001500024100001600039100002700055245005200082260004200134260000900176300000800185650004600193 a052108489 X a100 a581.94 TUT aBurges, N A aTutin T G, Heywood V H aFlora europaea v 3 diapensiaceae to myoporaceae aCambridge, Cambridge University Press c1972 a385 aFloras/angiospermae/geogrphical treatment